| 000 | 00478nam a22001817a 4500 | ||
|---|---|---|---|
| 003 | OSt | ||
| 005 | 20140310182819.0 | ||
| 008 | 130304t xxu||||| |||| 00| 0 eng d | ||
| 020 | _a981240130x | ||
| 050 |
_aQA 76.73.J38 _b.G68 2000 |
||
| 100 | _aGosselin, Don | ||
| 245 |
_aJavascript : _bcomprehensive / _cDon Gosselin. |
||
| 260 |
_aCainta, Rizal : _bJemma, _c2000. |
||
| 300 |
_axvi, 709 p. : _bill. ; _c25 cm. |
||
| 521 | _aIT | ||
| 942 |
_2lcc _cBK _kFOR |
||
| 999 |
_c16347 _d16347 |
||